000 00733nam a22002657a 4500
001 BR6400263
003 BR-BrBNA
005 20230928083418.0
007 ta
008 230509b bl.||||| |||| 00| 0 por d
040 _aBR-BrBNA
_bpor
_cBiblioteca Nacional de Agricultura
041 _a(Por)
072 _aE15
_b/G514
090 _ E15 BR6400263
100 1 _aCordeiro, C. de A.
110 1 _aEscola Superior de Agricultura Luiz de Queiroz, Piracicaba, SP (Brasil)
245 1 _aCooperativismo [cooperativa, Brasil]
260 3 _aPiracicaba, SP (Brasil):
_c1964.
300 _a151 p.
500 _a9 ref.
650 _aCOOPERATIVA
650 _aASSOCIACAO RURAL
909 _a202309
_bLucia
_c55
_dLucia Elande
942 _cBK
999 _c13330
_d13330